[Event "40 Nezhmetdinov Memorial"]
[Site "Kazan"]
[Date "2018.09.14"]
[Round "2.21"]
[White "Anchutin, Nikita"]
[Black "Drygalov, Andrey"]
[Result "0-1"]
[WhiteElo "2221"]
[BlackElo "2465"]
[PlyCount "98"]
[EventDate "2018.09.13"]

1. d4 Nf6 2. c4 e6 3. g3 Bb4+ 4. Nd2 d5 5. Bg2 O-O 6. Ngf3 b6 7. O-O Bb7 8. Ne5
Qc8 9. Ndf3 dxc4 10. Nxc4 Bd5 11. Qc2 Qb7 12. Bf4 Nc6 13. Rfd1 Be4 14. Qc1 Rad8
15. a3 Be7 16. Qe3 Nb8 17. b4 Rc8 18. Rac1 a5 19. b5 a4 20. Nb2 c6 21. Nxa4
cxb5 22. Nc3 Bc6 23. Ra1 Na6 24. Be5 Ng4 25. Qf4 Nxe5 26. Qxe5 b4 27. axb4 Nxb4
28. Rab1 Rfd8 29. Qf4 Bd6 30. Qh4 h6 31. Rb2 Qa7 32. Rb3 Nd5 33. Nxd5 Bxd5 34.
Rb2 Ba3 35. Ra1 Qc7 36. Rd2 b5 37. e4 Be7 38. Qg4 Bb7 39. Rb1 b4 40. Ne5 Ba6
41. h4 Bf6 42. Nf3 Qc3 43. d5 exd5 44. exd5 b3 45. Qa4 Bc4 46. d6 Be6 47. g4
Rc4 48. Qa7 Rxg4 49. d7 Qxf3 0-1

[Event "40 Nezhmetdinov Memorial"]
[Site "Kazan"]
[Date "2018.09.14"]
[Round "2.22"]
[White "Gaifullin, Artur"]
[Black "Kopylov, Artem"]
[Result "1-0"]
[WhiteElo "2454"]
[BlackElo "1779"]
[PlyCount "57"]
[EventDate "2018.09.13"]

1. Nf3 Nf6 2. b3 g6 3. Bb2 Bg7 4. g3 O-O 5. Bg2 d6 6. d4 c5 7. O-O Qc7 8. c4
cxd4 9. Nxd4 Nc6 10. Nc2 Rd8 11. Nc3 Bd7 12. e4 Qa5 13. Rb1 Qh5 14. Qxh5 Nxh5
15. Nd5 Rab8 16. Nce3 Kf8 17. g4 Bxb2 18. Rxb2 Ng7 19. f4 b5 20. cxb5 Rxb5 21.
f5 Ne8 22. g5 Rc8 23. Rbf2 Nd8 24. Bh3 Nc7 25. fxg6 Bxh3 26. Rxf7+ Nxf7 27.
Rxf7+ Ke8 28. Rxe7+ Kd8 29. gxh7 1-0

[Event "40 Nezhmetdinov Memorial"]
[Site "Kazan"]
[Date "2018.09.14"]
[Round "2.23"]
[White "Zhafyarov, Adel"]
[Black "Samusenko, Maksim"]
[Result "0-1"]
[WhiteElo "2202"]
[BlackElo "2442"]
[PlyCount "94"]
[EventDate "2018.09.13"]

1. d4 d6 2. Bf4 Nd7 3. e3 e5 4. Bg3 g6 5. Nf3 Bg7 6. Be2 Nh6 7. Bh4 f6 8. dxe5
dxe5 9. e4 O-O 10. O-O Qe7 11. Nc3 c6 12. Bc4+ Kh8 13. Qe2 b5 14. Bb3 Nc5 15.
Nd2 Ba6 16. Nd1 g5 17. Bg3 Rad8 18. Ne3 Rxd2 19. Qxd2 Nxe4 20. Qe2 Nc5 21. f3
f5 22. Bf2 Bc8 23. Rae1 Re8 24. h3 a5 25. a4 bxa4 26. Bc4 e4 27. Nd1 f4 28.
fxe4 g4 29. hxg4 Nxg4 30. c3 Rd8 31. e5 Bf5 32. Qf3 Ne6 33. Bxe6 Qxe6 34. Bd4
Bh6 35. Nf2 Nxf2 36. Rxf2 Rg8 37. Qh5 Bg5 38. Bc5 Rg6 39. Qd1 Bh4 40. Ref1 Be4
41. Qe2 Bxf2+ 42. Rxf2 Bd5 43. Qh5 Be4 44. Qh4 Qd5 45. Bd4 c5 46. Qe7 cxd4 47.
cxd4 h6 0-1

[Event "40 Nezhmetdinov Memorial"]
[Site "Kazan"]
[Date "2018.09.14"]
[Round "2.24"]
[White "Hasangatin, Ramil"]
[Black "Kurinov, Mikhail"]
[Result "1-0"]
[WhiteElo "2490"]
[BlackElo "1766"]
[PlyCount "147"]
[EventDate "2018.09.13"]

1. Nf3 Nf6 2. c4 g6 3. b4 Bg7 4. Bb2 O-O 5. e3 d6 6. Be2 e5 7. d3 Nbd7 8. O-O
b6 9. Nc3 Bb7 10. Nd2 c5 11. a3 Qe7 12. Bf3 Rab8 13. Bxb7 Rxb7 14. Qf3 Rfb8 15.
b5 Nf8 16. Nde4 Ne6 17. a4 Nxe4 18. dxe4 a5 19. bxa6 Ra7 20. Qd1 Rxa6 21. Qd3
Raa8 22. Rfd1 Rd8 23. Ra3 Nc7 24. Rb3 Rab8 25. Ba3 Bf8 26. Rdb1 Na8 27. Bb2 Kg7
28. Ba1 Qa7 29. f4 f6 30. Nb5 Qa6 31. Rd1 Be7 32. Bb2 Qb7 33. Qc2 Nc7 34. Nc3
Qa7 35. Qe2 Qa6 36. Ra3 Ra8 37. Rf1 Rf8 38. Raa1 Rad8 39. Rf3 Qc8 40. Raf1 Qe6
41. f5 Qf7 42. Rh3 Rh8 43. Ba3 g5 44. Rb1 Rb8 45. Rh5 h6 46. g4 Kh7 47. h4 Ne8
48. Nd5 Bd8 49. Qh2 Qf8 50. Kf2 Ng7 51. hxg5 Nxh5 52. Qxh5 Qg7 53. gxh6 Qg8 54.
a5 Rb7 55. Rxb6 Rxb6 56. axb6 Qg5 57. Qxg5 fxg5 58. Bc1 Kxh6 59. Bd2 Rh7 60.
Ba5 Rb7 61. Ke2 Rb8 62. Kd3 Kg7 63. Kc3 Kf7 64. Kb3 Ke8 65. Ka4 Kd7 66. Kb5 Rb7
67. f6 Ke6 68. Ka6 Bxb6 69. Kxb7 Bxa5 70. Kc8 Bd2 71. Kd8 Kf7 72. Kd7 Bc3 73.
Nxc3 Kxf6 74. Kxd6 1-0

[Event "40 Nezhmetdinov Memorial"]
[Site "Kazan"]
[Date "2018.09.14"]
[Round "2.25"]
[White "Usmanov, Vasily"]
[Black "Gavrilin, Roman"]
[Result "1-0"]
[WhiteElo "2470"]
[BlackElo "2054"]
[PlyCount "51"]
[EventDate "2018.09.13"]

1. c4 Nf6 2. Nc3 e6 3. e4 d5 4. e5 d4 5. exf6 dxc3 6. bxc3 Qxf6 7. Nf3 Nc6 8.
Bd3 h6 9. Be4 Bd7 10. Rb1 Rb8 11. d4 Be7 12. O-O O-O 13. Re1 Rfd8 14. Bc2 Bf8
15. Qd3 g6 16. h4 e5 17. dxe5 Qg7 18. Bf4 Na5 19. Nd4 Be6 20. Nxe6 Rxd3 21.
Nxg7 Rxc3 22. e6 Bxg7 23. Bxc7 Rc8 24. e7 Re8 25. Ba4 Nc6 26. Bxc6 1-0

[Event "40 Nezhmetdinov Memorial"]
[Site "Kazan"]
[Date "2018.09.14"]
[Round "2.26"]
[White "Yankelevich, Lev"]
[Black "Kuzmin, Roman"]
[Result "1-0"]
[WhiteElo "2431"]
[BlackElo "2053"]
[PlyCount "71"]
[EventDate "2018.09.13"]

1. Nf3 Nf6 2. c4 g6 3. Nc3 d5 4. cxd5 Nxd5 5. h4 h5 6. Qb3 Nb6 7. d4 Bg7 8. Bg5
Be6 9. Qa3 Nc4 10. Qa4+ c6 11. e3 b5 12. Qc2 Qa5 13. Nd2 Nxd2 14. Qxd2 Qd8 15.
Be2 a6 16. Bf3 Ra7 17. Bf4 O-O 18. O-O Qb6 19. Rfc1 Rd8 20. Ne2 Bd5 21. Bxd5
cxd5 22. Rc2 Kh7 23. Rac1 Rdd7 24. Rc8 Rab7 25. b4 f6 26. Bxb8 Rxb8 27. R8c6
Qa7 28. Nf4 Bh6 29. Ne6 Rb6 30. Rc7 Rb7 31. R7c6 Rb6 32. Qc3 Rd6 33. Rxd6 Rxd6
34. Qc8 Qb6 35. Nf8+ Kg7 36. Nd7 1-0

[Event "40 Nezhmetdinov Memorial"]
[Site "Kazan"]
[Date "2018.09.14"]
[Round "2.27"]
[White "Zaripova, Arina"]
[Black "Ponfilenok, Vladimir"]
[Result "0-1"]
[WhiteElo "1752"]
[BlackElo "2353"]
[PlyCount "107"]
[EventDate "2018.09.13"]

1. e4 e6 2. d4 d5 3. Nc3 Bb4 4. e5 Ne7 5. Qg4 c5 6. dxc5 Nbc6 7. Bd2 d4 8. Ne4
Bxd2+ 9. Nxd2 O-O 10. f4 Nb4 11. Bd3 Nxd3+ 12. cxd3 Nd5 13. Rc1 Ne3 14. Qe2 f6
15. Ngf3 fxe5 16. fxe5 Bd7 17. Nc4 Bc6 18. Nxe3 Bxf3 19. gxf3 dxe3 20. Qxe3
Qa5+ 21. Qd2 Qxa2 22. f4 Rad8 23. Rg1 Rd4 24. Rf1 Qd5 25. Rc3 Rdxf4 26. Rxf4
Qh1+ 27. Ke2 Qxh2+ 28. Kd1 Qxf4 29. Qxf4 Rxf4 30. Ke2 Rb4 31. b3 Kf7 32. Ke3
Kg6 33. c6 bxc6 34. Rxc6 Rb6 35. Rc7 a6 36. Ke4 h5 37. Rc3 Kg5 38. d4 h4 39.
Rf3 Kh5 40. Rf2 g5 41. Rf6 h3 42. Rf8 Kg4 43. Rh8 Rxb3 44. Rh6 a5 45. Rxe6 h2
46. Rh6 Rh3 47. Rxh3 Kxh3 48. e6 h1=Q+ 49. Ke5 a4 50. e7 a3 51. Kd6 Qe4 52. Kd7
Qxd4+ 53. Kc7 Qe5+ 54. Kd7 0-1

[Event "40 Nezhmetdinov Memorial"]
[Site "Kazan"]
[Date "2018.09.14"]
[Round "2.28"]
[White "Mamedjarova, Turkan"]
[Black "Ismagilov, Igor"]
[Result "1-0"]
[WhiteElo "2312"]
[BlackElo "1952"]
[PlyCount "73"]
[EventDate "2018.09.13"]

1. d4 c5 2. dxc5 e6 3. Nc3 Nf6 4. e4 Nc6 5. Be3 Qa5 6. Qd2 Bxc5 7. Bxc5 Qxc5 8.
O-O-O O-O 9. f3 e5 10. Nge2 b5 11. Kb1 Na5 12. Ng3 Nc4 13. Bxc4 bxc4 14. Nf5
Ne8 15. Qd5 Qxd5 16. Rxd5 d6 17. Nxd6 Be6 18. Nxe8 Bxd5 19. Nc7 Bxe4 20. fxe4
Rad8 21. N7d5 f6 22. g4 Kf7 23. a4 h5 24. gxh5 Rh8 25. Ne3 Rxh5 26. Nxc4 Rdh8
27. Rd1 g5 28. Rd7+ Kg6 29. Rxa7 Rxh2 30. Ra6 Kg7 31. Nd5 Rf2 32. Nce3 Rc8 33.
Ra7+ Kf8 34. Ne7 Rd8 35. Ng6+ Kg8 36. Ng4 Rf1+ 37. Ka2 1-0

[Event "40 Nezhmetdinov Memorial"]
[Site "Kazan"]
[Date "2018.09.14"]
[Round "2.29"]
[White "Khanukaev, Mark"]
[Black "Murtazin, Ruslan"]
[Result "0-1"]
[WhiteElo "1182"]
[BlackElo "2295"]
[PlyCount "60"]
[EventDate "2018.09.13"]

1. d4 Nf6 2. c4 g6 3. Nc3 Bg7 4. e4 d6 5. f3 O-O 6. Be3 Nc6 7. Nge2 a6 8. Qd2
Na5 9. Ng3 b5 10. cxb5 axb5 11. Bxb5 Nb3 12. Qd1 Nxa1 13. Qxa1 Bd7 14. Bd3 Qb8
15. h4 h5 16. Qb1 c5 17. d5 Qb4 18. O-O Rfb8 19. Rf2 c4 20. Bc2 Qxb2 21. Qxb2
Rxb2 22. Bd4 Nxe4 23. Ngxe4 Bxd4 24. Nd1 Rxc2 25. Ng5 Raxa2 26. Ne4 f5 27. Nd2
Rxd2 28. Kh2 Be5+ 29. Kh3 Rxd1 30. Rxa2 Rh1# 0-1

[Event "40 Nezhmetdinov Memorial"]
[Site "Kazan"]
[Date "2018.09.14"]
[Round "2.30"]
[White "Nikitin, Georgy"]
[Black "Pogorelskikh, Sergey"]
[Result "1/2-1/2"]
[WhiteElo "1763"]
[BlackElo "2202"]
[PlyCount "109"]
[EventDate "2018.09.13"]

1. d4 Nf6 2. c4 g6 3. Nc3 Bg7 4. e4 d6 5. f3 O-O 6. Be3 b6 7. Bd3 c5 8. d5 e6
9. Qd2 exd5 10. cxd5 Ba6 11. Bxa6 Nxa6 12. Nh3 Nc7 13. a4 a6 14. O-O Nd7 15.
Nf2 b5 16. Bg5 Bf6 17. Bxf6 Qxf6 18. f4 Qg7 19. f5 bxa4 20. Qf4 Qe5 21. Qh6 Nf6
22. Rxa4 Nh5 23. Ng4 Qg7 24. f6 Qxh6 25. Nxh6+ Kh8 26. g4 Ng7 27. fxg7+ Kxg7
28. g5 f6 29. Ng4 fxg5 30. e5 Rxf1+ 31. Kxf1 Rd8 32. e6 Rb8 33. Ne4 Rxb2 34.
Nxg5 Rb4 35. Rxb4 cxb4 36. Ne3 b3 37. Ne4 a5 38. Nc3 b2 39. Ke2 Nb5 40. Nb1 a4
41. Nc4 Kf6 42. Kd3 g5 43. Nxb2 a3 44. Nxa3 Nxa3 45. Nc4 Nb5 46. Ke4 h5 47. h3
Nc3+ 48. Kd4 Ne2+ 49. Ke3 Nf4 50. Nxd6 Nxd5+ 51. Kd4 Nf4 52. Ne4+ Kxe6 53.
Nxg5+ Kf5 54. h4 Ng2 55. Ne4 1/2-1/2

[Event "40 Nezhmetdinov Memorial"]
[Site "Kazan"]
[Date "2018.09.14"]
[Round "2.31"]
[White "Tunik, Gennady"]
[Black "Norkin, Yaks"]
[Result "1-0"]
[WhiteElo "2367"]
[BlackElo "1752"]
[PlyCount "69"]
[EventDate "2018.09.13"]

1. d4 Nf6 2. c4 e5 3. dxe5 Ng4 4. Bf4 Bb4+ 5. Nd2 Nc6 6. a3 Bxd2+ 7. Qxd2 Ngxe5
8. e3 d6 9. Be2 O-O 10. Nf3 Nxf3+ 11. Bxf3 Ne5 12. Be2 Be6 13. Rc1 f6 14. O-O
Qe7 15. Bg3 Rad8 16. Rfd1 d5 17. cxd5 Rxd5 18. Qc3 c6 19. e4 Rxd1+ 20. Rxd1 Nf7
21. f3 c5 22. Qa5 b6 23. Qb5 h6 24. h3 Rc8 25. Bc4 Rd8 26. Rxd8+ Nxd8 27. Bd5
Kh7 28. a4 Bd7 29. Qa6 Nc6 30. Qb7 Nd4 31. Kh2 Ne2 32. Bb8 c4 33. Bxc4 Qc5 34.
Bxe2 Bxa4 35. Qd5 1-0

[Event "40 Nezhmetdinov Memorial"]
[Site "Kazan"]
[Date "2018.09.14"]
[Round "2.32"]
[White "Gubajdullin, Alexei"]
[Black "Murzin, Lenar"]
[Result "1-0"]
[WhiteElo "2358"]
[BlackElo "2007"]
[PlyCount "107"]
[EventDate "2018.09.13"]

1. d4 Nf6 2. Bf4 d6 3. e3 Nc6 4. Nf3 Nh5 5. Bg5 h6 6. Bh4 g5 7. Nfd2 Ng7 8. Bg3
Nf5 9. Bd3 Bg7 10. c3 e5 11. Qc2 Nxg3 12. hxg3 Qe7 13. d5 Nb8 14. Bf5 Bxf5 15.
Qxf5 Qd7 16. Qxd7+ Nxd7 17. e4 Nc5 18. Ke2 a5 19. Na3 h5 20. f3 Kd7 21. Rh2 Bf6
22. Rah1 h4 23. g4 Na4 24. Rb1 Rhb8 25. Nc2 b5 26. a3 Bd8 27. Nf1 Rb7 28. Nfe3
Rab8 29. Nd1 Nc5 30. Nf2 Na4 31. Nd3 Nb6 32. Ne3 Nc4 33. Nf5 c5 34. dxc6+ Kxc6
35. Rd1 Bb6 36. g3 hxg3 37. Nxg3 Bc5 38. Rh6 a4 39. Nf5 Rd7 40. Rdh1 Kc7 41.
Rf6 Rg8 42. Rh7 Kb6 43. Nh6 Rf8 44. Rfxf7 Rdxf7 45. Nxf7 Rg8 46. Nh6 Rd8 47.
Nf5 Rg8 48. Ne7 Ra8 49. Nd5+ Ka5 50. Rg7 Rh8 51. Nxc5 Rh2+ 52. Ke1 b4 53. axb4+
Kb5 54. Rb7+ 1-0

[Event "40 Nezhmetdinov Memorial"]
[Site "Kazan"]
[Date "2018.09.14"]
[Round "2.33"]
[White "Cervantes Landeiro, Thalia"]
[Black "Gabitov, Bulat"]
[Result "1-0"]
[WhiteElo "2172"]
[BlackElo "1998"]
[PlyCount "83"]
[EventDate "2018.09.13"]

1. d4 Nf6 2. c4 e6 3. Nc3 Bb4 4. Nf3 b6 5. e3 Bb7 6. Bd3 O-O 7. O-O d5 8. cxd5
exd5 9. a3 Bd6 10. b4 a6 11. Qb3 Nc6 12. h3 Ne7 13. b5 axb5 14. Nxb5 Nc6 15.
Nxd6 Qxd6 16. Bd2 Na5 17. Qb1 Rfb8 18. Bc3 Ne4 19. Rc1 Nxc3 20. Rxc3 g6 21. Qb4
Ba6 22. Bxa6 Rxa6 23. Nd2 Rba8 24. Rac1 Nc4 25. Nxc4 dxc4 26. Rxc4 c5 27. dxc5
bxc5 28. Rxc5 Qe6 29. R1c3 h5 30. Rb5 R6a7 31. Rb8+ Kh7 32. Rxa8 Rxa8 33. Qb3
Qf6 34. Rd3 Rc8 35. a4 Rc6 36. Rd1 Rc3 37. Qb2 Qc6 38. a5 Rc2 39. Qb3 Qc7 40.
a6 Rc6 41. Qb7 Qxb7 42. axb7 1-0

[Event "40 Nezhmetdinov Memorial"]
[Site "Kazan"]
[Date "2018.09.14"]
[Round "2.34"]
[White "Novikov, Roman"]
[Black "Maneluk, Daniil"]
[Result "1/2-1/2"]
[WhiteElo "1992"]
[BlackElo "2170"]
[PlyCount "69"]
[EventDate "2018.09.13"]

1. e4 c5 2. c3 d5 3. exd5 Qxd5 4. d4 e6 5. Nf3 Nc6 6. Be2 Nf6 7. O-O Be7 8. c4
Qd8 9. Be3 cxd4 10. Nxd4 Nxd4 11. Bxd4 Bd7 12. Bf3 Qc7 13. Nd2 O-O 14. Qe2 Bd6
15. g3 e5 16. Bc3 Rae8 17. Rfe1 Bf5 18. Ne4 Nxe4 19. Bxe4 Be6 20. Bd5 Bxd5 21.
cxd5 f5 22. Qb5 Qf7 23. Rad1 f4 24. Qd3 Bc5 25. g4 f3 26. Bxe5 Qe7 27. d6 Qh4
28. Bg3 Rxe1+ 29. Rxe1 Qxg4 30. d7 Qh3 31. Qf1 Qg4 32. Qd3 Qh3 33. Qf1 Qg4 34.
Qd3 Qh3 35. Qf1 1/2-1/2

[Event "40 Nezhmetdinov Memorial"]
[Site "Kazan"]
[Date "2018.09.14"]
[Round "2.35"]
[White "Markelova, Lubov"]
[Black "Grekhov, Luka"]
[Result "1-0"]
[WhiteElo "2169"]
[BlackElo "1914"]
[PlyCount "75"]
[EventDate "2018.09.13"]

1. Nf3 d5 2. d4 Nf6 3. c4 e6 4. e3 c6 5. b3 Bd6 6. Bd3 Nbd7 7. Bb2 O-O 8. Nbd2
Qe7 9. Ne5 Bc7 10. O-O Nxe5 11. dxe5 Nd7 12. f4 b6 13. Nf3 Bb7 14. cxd5 cxd5
15. Bxh7+ Kxh7 16. Ng5+ Kh6 17. Qc2 g6 18. Qxc7 Ba6 19. Rf3 Kg7 20. Qd6 Qe8 21.
Rc1 Rc8 22. Rc7 Rxc7 23. Qxc7 Qc8 24. Qxc8 Rxc8 25. Rh3 Rc2 26. Rh7+ Kg8 27.
Rxf7 Nc5 28. Ba3 Nd3 29. Rf8+ Kg7 30. Nxe6+ Kh7 31. h3 Rxa2 32. Be7 Ra1+ 33.
Kh2 Nf2 34. Rf7+ Kg8 35. Rg7+ Kh8 36. Rxg6 Bd3 37. Bf6+ Kh7 38. Nf8# 1-0

[Event "40 Nezhmetdinov Memorial"]
[Site "Kazan"]
[Date "2018.09.14"]
[Round "2.36"]
[White "Smorodkin, Kirill"]
[Black "Kozlov, Denis"]
[Result "0-1"]
[WhiteElo "1875"]
[BlackElo "2164"]
[PlyCount "82"]
[EventDate "2018.09.13"]

1. e4 c5 2. Nf3 e6 3. d4 cxd4 4. Nxd4 a6 5. Nc3 b5 6. Bd3 d6 7. a4 b4 8. Na2
Bb7 9. O-O Nf6 10. Qe2 d5 11. e5 Nfd7 12. Nxe6 Qb6 13. Ng5 h6 14. e6 hxg5 15.
exd7+ Kxd7 16. Qg4+ Kc7 17. Bxg5 Nd7 18. Bf4+ Bd6 19. a5 Qc5 20. Qg3 g5 21.
Bxd6+ Qxd6 22. Qxd6+ Kxd6 23. Nxb4 Rh4 24. c3 Ne5 25. f3 Rxb4 26. cxb4 Nxd3 27.
Rfd1 Nxb4 28. Ra3 Bc6 29. f4 g4 30. f5 Bd7 31. f6 Re8 32. Rc3 Bb5 33. Kf2 Re2+
34. Kg3 Rxb2 35. Kxg4 Be2+ 36. Kg5 Bxd1 37. Rg3 Rb3 38. Rxb3 Bxb3 39. h4 Bc2
40. g4 Nc6 41. h5 Ne5 0-1

[Event "40 Nezhmetdinov Memorial"]
[Site "Kazan"]
[Date "2018.09.14"]
[Round "2.37"]
[White "Yangutov, Aleksey"]
[Black "Yakimova, Mariya"]
[Result "1-0"]
[WhiteElo "2159"]
[BlackElo "1882"]
[PlyCount "77"]
[EventDate "2018.09.13"]

1. d4 f5 2. Bf4 Nf6 3. Nf3 e6 4. e3 b6 5. Bd3 Bb7 6. O-O Be7 7. Nbd2 O-O 8. h3
Ne4 9. c4 d6 10. Qc2 Nxd2 11. Nxd2 Nd7 12. Bh2 Bf6 13. Nb3 a5 14. a4 g6 15. e4
fxe4 16. Bxe4 Bxe4 17. Qxe4 e5 18. c5 exd4 19. cxd6 c5 20. Qd5+ Rf7 21. Rae1
Qf8 22. Nd2 Re8 23. Nc4 Rxe1 24. Rxe1 d3 25. Be5 Kh8 26. Qxd3 Bxe5 27. Nxe5
Nxe5 28. Rxe5 Rd7 29. Re6 Qf4 30. g3 Qc1+ 31. Kg2 Qg5 32. Qc3+ Kg8 33. Re8+ Kf7
34. Qh8 Qd5+ 35. Kh2 Qxd6 36. Re4 Rd8 37. Rf4+ Ke6 38. Rf6+ Ke5 39. Rf8+ 1-0

[Event "40 Nezhmetdinov Memorial"]
[Site "Kazan"]
[Date "2018.09.14"]
[Round "2.38"]
[White "Makov, Artem"]
[Black "Bulatova, Kamaliya"]
[Result "0-1"]
[WhiteElo "1818"]
[BlackElo "2137"]
[PlyCount "80"]
[EventDate "2018.09.13"]

1. d4 Nf6 2. Nf3 e6 3. c4 d5 4. Nc3 Bb4 5. Qa4+ Nc6 6. e3 O-O 7. Bd3 a6 8. O-O
dxc4 9. Bxc4 Qe7 10. Qc2 Bd6 11. e4 e5 12. dxe5 Nxe5 13. Nxe5 Qxe5 14. g3 Qh5
15. Be2 Ng4 16. h4 Qg6 17. Nd5 Re8 18. Bf3 Nf6 19. Nf4 Bxf4 20. Bxf4 c6 21.
Rfe1 Bg4 22. Bg2 Rad8 23. Qb3 Bc8 24. e5 Nd5 25. Bg5 Ne7 26. Qb4 Qe6 27. Bf3 h6
28. Be3 Nd5 29. Qa5 Qf5 30. Be4 Qxe4 31. Bb6 Qf3 32. e6 Nxb6 33. exf7+ Qxf7 34.
Qxb6 Rf8 35. Rac1 Rd2 36. f4 Qd5 37. Qb3 Qxb3 38. axb3 Rxb2 39. Re7 Rxb3 40.
Rc7 Rxg3+ 0-1

[Event "40 Nezhmetdinov Memorial"]
[Site "Kazan"]
[Date "2018.09.14"]
[Round "2.39"]
[White "Emelianov, Fedor"]
[Black "Nikolaeva, Ksenya"]
[Result "0-1"]
[WhiteElo "2124"]
[BlackElo "1874"]
[PlyCount "66"]
[EventDate "2018.09.13"]

1. c4 e5 2. e3 Nf6 3. Nc3 Nc6 4. Nf3 d5 5. cxd5 Nxd5 6. Bb5 Nxc3 7. bxc3 Bd6 8.
d4 Bd7 9. d5 Ne7 10. Bxd7+ Qxd7 11. e4 O-O 12. O-O Qg4 13. Qd3 f5 14. Ng5 f4
15. Nf3 Rf6 16. h3 Qh5 17. Nh2 Rg6 18. c4 Rf8 19. Qf3 Qg5 20. Kh1 Nc8 21. Rb1
Nb6 22. g3 Qe7 23. Qb3 fxg3 24. fxg3 Rxf1+ 25. Nxf1 Qf7 26. Kg2 Bc5 27. Be3
Bxe3 28. Nxe3 Qf4 29. Nf5 Qxe4+ 30. Qf3 Qc2+ 31. Qf2 Qxf2+ 32. Kxf2 Rf6 33. g4
g6 0-1

[Event "40 Nezhmetdinov Memorial"]
[Site "Kazan"]
[Date "2018.09.14"]
[Round "2.40"]
[White "Yadigarov, Aivaz"]
[Black "Doroshenko, Diana"]
[Result "1-0"]
[WhiteElo "1789"]
[BlackElo "2122"]
[PlyCount "111"]
[EventDate "2018.09.13"]

1. Nf3 Nf6 2. d4 g6 3. c4 Bg7 4. Nc3 O-O 5. e4 d6 6. h3 e5 7. d5 a5 8. Bg5 h6
9. Be3 Na6 10. Nd2 Nc5 11. g4 Nh7 12. h4 Bd7 13. Be2 b6 14. Qc2 Qc8 15. Rg1 Qd8
16. Rh1 Qc8 17. Rg1 Na6 18. a3 Nc5 19. b3 Qd8 20. Rh1 Ra7 21. O-O-O Qa8 22. g5
h5 23. Rdg1 a4 24. b4 Nb3+ 25. Kb2 Nd4 26. Qd1 Rb7 27. b5 Re8 28. Na2 Nf8 29.
Nb4 Bc8 30. Nc6 Bd7 31. Nb1 Bxc6 32. bxc6 Ra7 33. Nc3 Qb8 34. Nb5 Nxb5 35. cxb5
Ra5 36. Ka2 Qd8 37. Rg2 Qe7 38. Qd2 Rea8 39. Rb1 Kh7 40. Qd1 Kg8 41. Rb4 Nh7
42. Qg1 Nf8 43. Bd1 Qd8 44. Bd2 Kh7 45. Rg3 Kg8 46. Be2 Nh7 47. Rb2 R5a7 48.
Bxh5 gxh5 49. g6 Qf8 50. gxh7+ Kxh7 51. Qd1 Bh6 52. Qxh5 Re8 53. Rb1 Re7 54.
Rbg1 Ra8 55. Bxh6 Qxh6 56. Rg7+ 1-0

[Event "40 Nezhmetdinov Memorial"]
[Site "Kazan"]
[Date "2018.09.14"]
[Round "2.41"]
[White "Filippova, Margarita"]
[Black "Nikolaev, Matvei"]
[Result "0-1"]
[WhiteElo "2103"]
[BlackElo "1807"]
[PlyCount "92"]
[EventDate "2018.09.13"]

1. Nf3 Nf6 2. c4 g6 3. Nc3 Bg7 4. e4 d6 5. d4 O-O 6. Be2 Bg4 7. O-O Nc6 8. Be3
Nd7 9. Qd2 Bxf3 10. Bxf3 e5 11. dxe5 dxe5 12. Bd1 Qe7 13. Nd5 Qd6 14. Rc1 Nf6
15. f3 Nd4 16. Bxd4 exd4 17. Bc2 Nxd5 18. cxd5 c6 19. Bb3 a5 20. dxc6 bxc6 21.
f4 a4 22. e5 Qd7 23. Bd1 f6 24. Bf3 Rac8 25. Qd1 Rc7 26. exf6 Rxf6 27. Bg4 Qd6
28. Qxa4 Rxf4 29. Bf3 Rf6 30. Qc4+ Kh8 31. Rfd1 Bh6 32. Rc2 Be3+ 33. Kh1 Qf8
34. Qd3 c5 35. Qe4 c4 36. b3 c3 37. a4 Rc5 38. h3 Rf4 39. Qb7 Qf5 40. b4 Re5
41. Qb8+ Kg7 42. Be2 Qxc2 43. Qxe5+ Kh6 44. Qb5 Rf2 45. Bg4 Rxg2 46. Qb8 Qf2
0-1

[Event "40 Nezhmetdinov Memorial"]
[Site "Kazan"]
[Date "2018.09.14"]
[Round "2.42"]
[White "Semenova, Anastasia"]
[Black "Mochalin, Faddey"]
[Result "0-1"]
[WhiteElo "1775"]
[BlackElo "2100"]
[PlyCount "64"]
[EventDate "2018.09.13"]

1. e4 e6 2. d4 d5 3. exd5 exd5 4. Bd3 Nc6 5. c3 Bd6 6. h3 Nge7 7. Qc2 Be6 8.
Ne2 Qd7 9. Bf4 O-O-O 10. Nd2 h5 11. Bxd6 Qxd6 12. f4 Rde8 13. O-O-O g6 14. Rdg1
Bf5 15. Nf1 h4 16. g4 hxg3 17. Rxg3 Qd7 18. h4 Bxd3 19. Qxd3 Nf5 20. Rgh3 Qe7
21. Neg3 Qe1+ 22. Qd1 Qf2 23. Qd2 Re1+ 24. Kc2 Nfxd4+ 25. cxd4 Nxd4+ 26. Kd3
Qf3+ 27. Ne3 Rxh1 28. Rxh1 Qxg3 29. Kxd4 Qxf4+ 30. Kc3 Re8 31. Rh3 Re4 32. Nxd5
Rc4+ 0-1

[Event "40 Nezhmetdinov Memorial"]
[Site "Kazan"]
[Date "2018.09.14"]
[Round "2.43"]
[White "Safin, Robert"]
[Black "Muldiarov, Valerij"]
[Result "1-0"]
[WhiteElo "2098"]
[BlackElo "1737"]
[PlyCount "69"]
[EventDate "2018.09.13"]

1. d4 Nf6 2. c4 g6 3. Nf3 Bg7 4. g3 O-O 5. Bg2 d6 6. O-O Nbd7 7. Nc3 c6 8. e4
e5 9. d5 c5 10. Qe2 a6 11. b3 Ng4 12. h3 Ngf6 13. Bb2 Ne8 14. Ne1 f5 15. f4
exf4 16. Rxf4 Be5 17. Rf1 Bd4+ 18. Kh2 Ne5 19. Nc2 Nf6 20. Rad1 Nxe4 21. Nxd4
cxd4 22. Nxe4 d3 23. Qe3 fxe4 24. Bxe5 dxe5 25. Bxe4 Bf5 26. Bxf5 gxf5 27. Qxe5
Qg5 28. Rxd3 Rae8 29. Qb2 Re4 30. Qd2 Qe7 31. Rf2 Qd6 32. Rdf3 Qe5 33. Qg5+ Kh8
34. Rxf5 Rxf5 35. Qxf5 1-0

[Event "40 Nezhmetdinov Memorial"]
[Site "Kazan"]
[Date "2018.09.14"]
[Round "2.44"]
[White "Khusnutdinov, Abdul"]
[Black "Efremov, Vladislav"]
[Result "1/2-1/2"]
[WhiteElo "1724"]
[BlackElo "2095"]
[PlyCount "120"]
[EventDate "2018.09.13"]

1. d4 Nf6 2. Nf3 e6 3. c4 d5 4. Nc3 Bb4 5. cxd5 exd5 6. Bg5 h6 7. Bh4 c5 8. e3
c4 9. Qa4+ Nc6 10. Ne5 O-O 11. Nxc6 Bxc3+ 12. bxc3 bxc6 13. Be2 Bf5 14. O-O Qd6
15. Bg3 Qe6 16. Bf3 Rfe8 17. Qb4 Re7 18. a4 a5 19. Qd6 Qxd6 20. Bxd6 Rb7 21.
Rfd1 Rd8 22. Be5 Nh7 23. h4 Nf8 24. g4 Bh7 25. Bg2 Nd7 26. Bg3 Nf6 27. f3 Re8
28. Be5 Nd7 29. Bf4 Nf8 30. h5 Ne6 31. Bd6 Ng5 32. Bf4 Rb2 33. Re1 Rb3 34. Rec1
Bd3 35. Ra2 Re7 36. Raa1 Reb7 37. Bxg5 hxg5 38. e4 Rb2 39. exd5 cxd5 40. f4
gxf4 41. Bxd5 Re7 42. Re1 Re3 43. Rxe3 fxe3 44. Re1 e2 45. Kf2 Rc2 46. g5 Kf8
47. h6 gxh6 48. gxh6 Kg8 49. Rh1 Rxc3 50. h7+ Bxh7 51. Bxf7+ Kg7 52. Bh5 Rd3
53. Bxe2 Rxd4 54. Rc1 Bd3 55. Bxd3 cxd3 56. Ke3 Rxa4 57. Kxd3 Rb4 58. Kc3 Kf6
59. Ra1 Rb5 60. Kc4 Re5 1/2-1/2

[Event "40 Nezhmetdinov Memorial"]
[Site "Kazan"]
[Date "2018.09.14"]
[Round "2.45"]
[White "Vorobiev, Sergey"]
[Black "Ismailov, Amir"]
[Result "0-1"]
[WhiteElo "2092"]
[BlackElo "1716"]
[PlyCount "120"]
[EventDate "2018.09.13"]

1. d4 Nf6 2. Nc3 d5 3. Bf4 e6 4. e3 Bb4 5. Bd3 c5 6. dxc5 Nc6 7. a3 Bxc5 8. Nf3
O-O 9. O-O Re8 10. e4 h6 11. e5 Nd7 12. b4 Bb6 13. Qd2 f5 14. h4 Nd4 15. Bg3
Nxf3+ 16. gxf3 Bd4 17. f4 a6 18. Rab1 b5 19. Ne2 Bb6 20. Bxf5 Nxe5 21. Bxe6+
Rxe6 22. fxe5 Rg6 23. Kh2 Rg4 24. Rb3 Bf5 25. Nf4 d4 26. Ng2 Rc8 27. Rc1 Be6
28. Rf3 g5 29. Rf6 Bd5 30. Rd6 Qe7 31. Qe2 h5 32. Rxd5 gxh4 33. Nxh4 Rxh4+ 34.
Bxh4 Qxh4+ 35. Kg2 Qg5+ 36. Kh2 Qxc1 37. Qxh5 Qf4+ 38. Kg1 Qf7 39. Qg4+ Qg7 40.
Qxg7+ Kxg7 41. Rd6 Bc7 42. Rc6 Kf7 43. Kf1 Ke7 44. f4 Kd7 45. Rxa6 Rf8 46. Ke2
Rxf4 47. e6+ Ke7 48. Ra7 Kd6 49. Kd3 Rf3+ 50. Ke4 Re3+ 51. Kf5 Re5+ 52. Kf4
Rxe6 53. Kf3 Kc6 54. Ra6+ Bb6 55. a4 bxa4 56. Rxa4 Kb5 57. Ra2 Kxb4 58. Rb2+
Kc3 59. Ra2 Rf6+ 60. Ke2 d3+ 0-1

[Event "40 Nezhmetdinov Memorial"]
[Site "Kazan"]
[Date "2018.09.14"]
[Round "2.46"]
[White "Fonichkin, Egor"]
[Black "Khazieva, Elza"]
[Result "0-1"]
[WhiteElo "1692"]
[BlackElo "2083"]
[PlyCount "96"]
[EventDate "2018.09.13"]

1. d4 Nf6 2. Bf4 e6 3. Nf3 b6 4. e3 Bb7 5. Nbd2 Nh5 6. Bg3 Be7 7. Bd3 d6 8. Qe2
c5 9. dxc5 bxc5 10. Bb5+ Kf8 11. c3 g6 12. Rd1 Nxg3 13. hxg3 Qa5 14. a3 Kg7 15.
O-O a6 16. Bd3 Nd7 17. e4 Qc7 18. Bc2 a5 19. Nc4 Nb6 20. Bd3 a4 21. Nxb6 Qxb6
22. Nd2 Qc7 23. Nc4 Bf6 24. Bc2 d5 25. e5 Be7 26. Nd2 Ba6 27. c4 Rhb8 28. Bxa4
Rxb2 29. Bb3 Rxb3 30. Nxb3 Bxc4 31. Qb2 Qb6 32. Rfe1 Qxb3 33. Qd2 Qxa3 34. Rb1
Qa7 35. Qf4 Bd3 36. Rbd1 c4 37. Qd2 Qb6 38. Rc1 Bb4 39. Qf4 Bxe1 40. Qf6+ Kg8
41. Rxe1 Bf5 42. g4 Bxg4 43. Re3 Qd8 44. Qf4 d4 45. Rg3 Bf5 46. Rf3 d3 47. g4
d2 48. gxf5 d1=Q+ 0-1